Encyclopedie de la Suisse actuelle
Sparad:
| Materialtyp: | Bok |
|---|---|
| Språk: | Undetermined |
| Publicerad: |
AAR - CYN
Editons Mondo
1974
|
| Taggar: |
Lägg till en tagg
Inga taggar, Lägg till första taggen!
|
| Thư viện lưu trữ: | Trung tâm Học liệu Trường Đại học Cần Thơ |
|---|
| LEADER | 00378nam a2200145Ia 4500 | ||
|---|---|---|---|
| 001 | CTU_104877 | ||
| 008 | 210402s9999 xx 000 0 und d | ||
| 082 | |a 949.4 | ||
| 082 | |b E56 | ||
| 245 | 0 | |a Encyclopedie de la Suisse actuelle | |
| 260 | |a AAR - CYN | ||
| 260 | |b Editons Mondo | ||
| 260 | |c 1974 | ||
| 904 | |i M.Loan | ||
| 980 | |a Trung tâm Học liệu Trường Đại học Cần Thơ | ||